000 00737nam a2200181Ia 4500
008 090630s9999 xx 000 0 und d
082 _b21183
100 _aपुंडलिक रमेश.
245 _aज्ञानेश्वरी ग्रंथ महात्म्य.
_cपुंडलिक रमेश.
260 _bअनिकेत - पुणे.
_c2000
300 _a32
600 _aपुंडलिक रमेश.
630 _aज्ञानेश्वरी ग्रंथ महात्म्य.
655 _aधार्मिक.
700 _aपुंडलिक रमेश.
730 _aज्ञानेश्वरी ग्रंथ महात्म्य.
942 _cBOOK
999 _c273039
_d273039